Velká kniha logistiky

Salvato in:
Dettagli Bibliografici
Autore principale: Gros, Ivan
Natura: Libro
Lingua:ceco
Pubblicazione: Praha Vysoká škola chemicko-technologická v Praze 2016
Soggetti:
Tags: Aggiungi Tag
Nessun Tag, puoi essere il primo ad aggiungerne!!

MARC

LEADER 00000nam a2200000 4500
001 0248511
005 20240313090557.8
020 |a 978-80-7080-952-5 
041 0 |a cze 
044 |a CZ 
245 1 0 |a Velká kniha logistiky  |c Ivan Gros a kolektiv 
264 1 |a Praha  |b Vysoká škola chemicko-technologická v Praze  |c 2016 
300 |a 507 s. 
610 2 0 |a logistika 
610 2 0 |a systémy logistické 
610 2 0 |a dodávatelia 
610 2 0 |a distribúcia 
610 2 0 |a riadenie výroby 
610 2 0 |a riadenie nákupu 
610 2 0 |a doprava 
610 2 0 |a riadenie 
610 2 0 |a skladovanie 
610 2 0 |a obaly 
610 2 0 |a systémy informačné logistické 
610 2 0 |a právo 
100 1 |a Gros, Ivan